Better land husbandry (Record no. 11675)
[ view plain ]
| 000 -LEADER | |
|---|---|
| fixed length control field | 01654pam a2200361Ia 4500 |
| 001 - CONTROL NUMBER | |
| control field | SCP00NE0170PDF |
| 003 - CONTROL NUMBER IDENTIFIER | |
| control field | BD-DhSAU |
| 005 - DATE AND TIME OF LATEST TRANSACTION | |
| control field | 20151012144305.0 |
| 006 - FIXED-LENGTH DATA ELEMENTS--ADDITIONAL MATERIAL CHARACTERISTICS | |
| fixed length control field | m|||||o||d|||||||| |
| 007 - PHYSICAL DESCRIPTION FIXED FIELD--GENERAL INFORMATION | |
| fixed length control field | cr|||| |
| 008 - FIXED-LENGTH DATA ELEMENTS--GENERAL INFORMATION | |
| fixed length control field | 110928s2006 nhuabdf sb 001 0 eng d |
| 020 ## - INTERNATIONAL STANDARD BOOK NUMBER | |
| International Standard Book Number | 9781439844243 (ebook : PDF) |
| 040 ## - CATALOGING SOURCE | |
| Original cataloging agency | BD-DhSAU |
| Transcribing agency | BD-DhSAU |
| 090 ## - LOCALLY ASSIGNED LC-TYPE CALL NUMBER (OCLC); LOCAL CALL NUMBER (OCLC) | |
| Classification number (OCLC) (R) ; Classification number, CALL (RLIN) (NR) | S623 |
| Local cutter number (OCLC) ; Book number/undivided call number, CALL (RLIN) | .H398 2006 |
| 092 ## - LOCALLY ASSIGNED DEWEY CALL NUMBER (OCLC) | |
| Classification number | 631.45 |
| Item number | H477 |
| 100 1# - MAIN ENTRY--PERSONAL NAME | |
| Personal name | Hellin, Jon, |
| Dates associated with a name | 1965- |
| 245 10 - TITLE STATEMENT | |
| Title | Better land husbandry |
| Medium | [electronic resource] : |
| Remainder of title | from soil conservation to holistic land management / |
| Statement of responsibility, etc. | Jon Hellin. |
| 260 ## - PUBLICATION, DISTRIBUTION, ETC. (IMPRINT) | |
| Place of publication, distribution, etc. | Enfield, N.H. : |
| Name of publisher, distributor, etc. | Science Publishers, |
| Date of publication, distribution, etc. | c2006. |
| 300 ## - PHYSICAL DESCRIPTION | |
| Extent | xiv, 315 p., 8 p. of plates : |
| Other physical details | ill. (some col.), map. |
| 490 1# - SERIES STATEMENT | |
| Series statement | Land reconstruction and management series ; |
| Volume/sequential designation | v. 4 |
| 504 ## - BIBLIOGRAPHY, ETC. NOTE | |
| Bibliography, etc | Includes bibliographical references (p. [268]-309) and index. |
| 505 0# - FORMATTED CONTENTS NOTE | |
| Formatted contents note | 1. Introduction to better land husbandry -- 2. Social and economic components of better land husbandry -- 3. Agro-ecological components of better land husbandry -- 4. Better land husbandry : a new paradigm -- 5. Better land husbandry in practice -- 6. Better land husbandry and policy. |
| 530 ## - ADDITIONAL PHYSICAL FORM AVAILABLE NOTE | |
| Additional physical form available note | Also available in print edition. |
| 538 ## - SYSTEM DETAILS NOTE | |
| System details note | Mode of access: World Wide Web. |
| 650 #0 - SUBJECT ADDED ENTRY--TOPICAL TERM | |
| Topical term or geographic name as entry element | Soil conservation. |
| 650 #0 - SUBJECT ADDED ENTRY--TOPICAL TERM | |
| Topical term or geographic name as entry element | Soil productivity. |
| 650 #0 - SUBJECT ADDED ENTRY--TOPICAL TERM | |
| Topical term or geographic name as entry element | Land use, Rural |
| General subdivision | Planning. |
| 655 #7 - INDEX TERM--GENRE/FORM | |
| Genre/form data or focus term | Electronic books. |
| Source of term | lcsh |
| 776 1# - ADDITIONAL PHYSICAL FORM ENTRY | |
| International Standard Book Number | 1578082447 |
| 776 1# - ADDITIONAL PHYSICAL FORM ENTRY | |
| International Standard Book Number | 9781578082445 |
| 830 #0 - SERIES ADDED ENTRY--UNIFORM TITLE | |
| Uniform title | Land reconstruction and management ; |
| Volume number/sequential designation | v. 4. |
| 856 40 - ELECTRONIC LOCATION AND ACCESS | |
| Uniform Resource Identifier | <a href="http://marc.crcnetbase.com/isbn/9781439844243">http://marc.crcnetbase.com/isbn/9781439844243</a> |
| Electronic format type | application/PDF |
No items available.
